Statistics for Olympique de Marseille Champions League XIs

Click here to take the quiz!

General Stats

  • This quiz has been taken 302 times
  • The average score is 27 of 77

Answer Stats

Answer% Correct
Steve Mandanda
96%
Dimitri Payet
91%
Fabian Barthez
89%
Florian Thauvin
81%
André-Pierre Gignac
73%
Matthieu Valbuena
73%
Basile Boli
70%
Didier Deschamps
69%
Mamadou Niang
67%
Didier Drogba
64%
Duje Ćaleta-Car
62%
Hiroki Sakai
62%
Boubacar Kamara
61%
Darío Benedetto
60%
Abedi Pele
59%
Marcel Desailly
59%
Samir Nasri
57%
Souleymane Diawara
56%
Rudi Völler
55%
Valentin Rongier
54%
Brandão
51%
Eric Di Meco
51%
Morgan Sanson
51%
André Ayew
50%
Jordan Amavi
49%
Lucho González
49%
Álvaro
47%
Benoît Cheyrou
47%
Taye Taiwo
46%
Édouard Cissé
45%
Loïc Rémy
44%
Gabriel Heinze
43%
Nicolas N'Koulou
41%
Hatem Ben Arfa
39%
Rod Fanni
38%
Franck Sauzee
36%
César Azpilicueta
34%
Stéphane Mbia
34%
Alen Bokšić
31%
Jérémy Morel
30%
Laurent Bonnart
30%
Morgan Amalfitano
28%
Jocelyn Angloma
27%
Alou Diarra
26%
Bakary Koné
24%
Robert Pirès
23%
Lorik Cana
22%
Fabrizio Ravanelli
20%
Lucas Mendes
20%
Alaixys Romao
19%
Jean-Jacques Eydelie
19%
Vitorino Hilton
17%
Camel Meriem
16%
Daniel Van Buyten
16%
Fabrice Abriel
16%
William Gallas
15%
Boudewijn Zenden
14%
Stéphane Porato
14%
Vedran Runje
14%
Ibrahima Bakayoko
13%
Karim Ziani
12%
Gaël Givet
11%
Julien Rodríguez
11%
Mido
11%
Abdoulaye Méïté
9%
Frédéric Brando
8%
Ronald Zubar
8%
Steve Marlet
8%
Peter Luccin
6%
Sébastien Perez
6%
Brahim Hemdani
5%
Stéphane Dalmat
5%
Fabio Celestini
4%
Johnny Ecker
4%
Patrick Blondeau
4%
Eduardo Berizzo
3%
Štěpán Vachoušek
2%

Score Distribution

Percentile by Number Answered

Percent of People with Each Score

Your Score History

You have not taken this quiz